| 000 | 00918nam a2200253 i 4500 | ||
|---|---|---|---|
| 001 | bg | ||
| 245 | 0 | 0 | _aDebiuty naukowe studentów Wyższej Szkoły Bankowej. |
| 260 |
_aPoznań : _bWydaw. Wyższej Szkoły Bankowej, _c1996. |
||
| 300 |
_a145, [2] s. : _bwykr. ; _c24 cm. |
||
| 504 | _aWykaz prac dyplomowych w WSB w roku akademickim 1995/1996 s. 137-145. | ||
| 650 | 9 |
_aBanki _zPolska _yod 1989 r. |
|
| 650 | 9 |
_aKredyt _zPolska _yod 1989 r. |
|
| 650 | 9 |
_aPapiery wartościowe _zPolska _yod 1989 r. |
|
| 650 | 9 |
_aPodatek dochodowy od osób fizycznych _zNiemcy _yod 1989 r. |
|
| 650 | 9 |
_aPodatek dochodowy od osób fizycznych _zPolska _yod 1989 r. |
|
| 650 | 9 |
_aPrzedsiębiorstwo _xfinanse _zPolska _yod 1989 r. |
|
| 020 | _a8386808608 | ||
| 040 | _cBPK | ||
| 041 | 0 | _apl | |
| 080 | _a336(438+430):658.14/.17(438)]"1989/..." | ||
| 920 | _a83-86808-60-8 | ||
| 942 | _cKS | ||
| 008 | s pl f |000 0 pol | ||
| 999 |
_c31747 _d31747 |
||
| 856 |
_uhttp://koha.tu.koszalin.pl/cgi-bin/koha/opac-detail.pl?biblionumber=31747 _yKatalog online BPK |
||